His very own : (Record no. 7642)

MARC details
000 -LEADER
fixed length control field 00614nam a22001937a 4500
003 - CONTROL NUMBER IDENTIFIER
control field GBCCL
005 - DATE AND TIME OF LATEST TRANSACTION
control field 20241126110633.0
008 - FIXED-LENGTH DATA ELEMENTS--GENERAL INFORMATION
fixed length control field 180906b ||||| |||| 00| 0 eng d
040 ## - CATALOGING SOURCE
Transcribing agency gbc
082 ## - DEWEY DECIMAL CLASSIFICATION NUMBER
Classification number 227.507
Item number HAR
100 ## - MAIN ENTRY--PERSONAL NAME
Personal name Harrison, Norman B
9 (RLIN) 7132
245 ## - TITLE STATEMENT
Title His very own :
Remainder of title Paul's Epistle to the Ephesians
260 ## - PUBLICATION, DISTRIBUTION, ETC.
Place of publication, distribution, etc. Minneapolis :
Name of publisher, distributor, etc. Harrison Service,
Date of publication, distribution, etc. [1930]
300 ## - PHYSICAL DESCRIPTION
Extent 176 pages : charts, music ;
Dimensions 20 cm.
440 ## - SERIES STATEMENT/ADDED ENTRY--TITLE
Title A "His" series book
9 (RLIN) 13476
650 ## - SUBJECT ADDED ENTRY--TOPICAL TERM
Topical term or geographic name entry element Bible. -- Ephesians -- Criticism, interpretation, etc.
9 (RLIN) 13477
650 ## - SUBJECT ADDED ENTRY--TOPICAL TERM
Topical term or geographic name entry element Bible. -- Ephesians.
9 (RLIN) 13478
942 ## - ADDED ENTRY ELEMENTS (KOHA)
Source of classification or shelving scheme Dewey Decimal Classification
Koha item type Books
Koha issues (borrowed), all copies 3
Holdings
Withdrawn status Lost status Source of classification or shelving scheme Damaged status Not for loan Home library Current Library Shelving location Date acquired Total checkouts Full call number Barcode Date last seen Date last checked out Copy number Price effective from Koha item type
    Dewey Decimal Classification     GRACE BIBLE COLLEGE GRACE BIBLE COLLEGE Biblical Studies 2018-09-06 3 227.507 HAR 003528 2025-05-01 2024-09-24 c.1 2018-09-06 Books
© Grace Bible College Library 2025